| 000 | 00550nam a2200169 i 4500 | ||
|---|---|---|---|
| 001 | 188027 | ||
| 003 | SpMaBN | ||
| 005 | 20230906223102.0 | ||
| 008 | 180411s1985 sp |||| | cat d | ||
| 020 | _a84-398-4996-6 | ||
| 080 | _a821.134.1-14"19" | ||
| 100 | 1 |
_aVives i Sarri, Pere ( _d1924-) _9153105 |
|
| 245 | 1 | 0 |
_aTerra mare _b: poemes / _cde Pere Vives i Sarri. |
| 260 |
_aBarcelona : _bP. Vives i Sarri, _c1985. |
||
| 300 |
_a119 p. ; _c20 cm. |
||
| 852 |
_aES-MaACL _jL-31914 _z. - Donat. herederos de la bibl. de Mª del Pilar Costa Palacín |
||
| 999 |
_c188027 _d188027 |
||